[Event "GBR/IRL zt (Women)"]
[Site "Blackpool"]
[Date "1990.05.??"]
[Round "?"]
[White "Powell, Lynda"]
[Black "Lalic, Susan Kathryn"]
[Result "0-1"]
[WhiteElo "2010"]
[BlackElo "2270"]
[PlyCount "74"]
[EventDate "1990.05.13"]
[EventType "tourn"]
[EventRounds "7"]
[EventCountry "ENG"]
[SourceTitle "BritBase"]
[Source "John Saunders"]
[SourceDate "1997.08.31"]
[SourceVersion "1"]
[SourceVersionDate "1997.08.31"]
[SourceQuality "1"]

1. e4 c6 2. d4 d5 3. exd5 cxd5 4. Bd3 Nc6 5. c3 g6 6. Nf3 Nh6 7. Bf4 Bf5 8. Bxf5 Nxf5 9. Qb3 Qd7 10. Nbd2 Bg7 11. O-O O-O 12. Rfe1 e6 13. Ne5 Nxe5 14. Bxe5 Rfe8 15. Bxg7 Kxg7 16. a4 Nd6 17. f3 Reb8 18. Qa2 b5 19. Nb3 b4 20. Nc5 Qc6 21. cxb4 Rxb4 22. b3 Nf5 23. Rac1 Qd6 24. Qb2 h5 25. Red1 Kh7 26. Qc3 a5 27. Rd3 Rc8 28. g4 Ng7 29. Qd2 Re8 30. Kg2 e5 31. dxe5 Rxe5 32. Ne4 Rbxe4 33. fxe4 Rxe4 34. gxh5 Nxh5 35. Rxd5 Re2+ 36. Qxe2 Qxd5+ 37. Kg1 Qg5+ 0-1

[Event "GBR/IRL zt (Women)"]
[Site "Blackpool"]
[Date "1990.05.??"]
[Round "?"]
[White "Powell, Lynda"]
[Black "Regan, Natasha K"]
[Result "1/2-1/2"]
[WhiteElo "2010"]
[BlackElo "2010"]
[PlyCount "26"]
[EventDate "1990.05.13"]
[EventType "tourn"]
[EventRounds "7"]
[EventCountry "ENG"]
[SourceTitle "BritBase"]
[Source "John Saunders"]
[SourceDate "1997.08.31"]
[SourceVersion "1"]
[SourceVersionDate "1997.08.31"]
[SourceQuality "1"]

1. e4 Nf6 2. d3 d6 3. Nf3 g6 4. g3 Bg7 5. Bg2 c5 6. Nbd2 Nc6 7. O-O O-O 8. Re1 Qc7 9. h4 Bg4 10. Nf1 Nd4 11. N1h2 Nxf3+ 12. Bxf3 Bxf3 13. Qxf3 b5 1/2-1/2

[Event "GBR/IRL zt (Women)"]
[Site "Blackpool"]
[Date "1990.05.??"]
[Round "?"]
[White "Regan, Natasha K"]
[Black "Milligan, Helen"]
[Result "1-0"]
[WhiteElo "2010"]
[BlackElo "2035"]
[PlyCount "55"]
[EventDate "1990.05.13"]
[EventType "tourn"]
[EventRounds "7"]
[EventCountry "ENG"]
[SourceTitle "BritBase"]
[Source "John Saunders"]
[SourceDate "1997.08.31"]
[SourceVersion "1"]
[SourceVersionDate "1997.08.31"]
[SourceQuality "1"]

1. Nf3 Nf6 2. c4 e6 3. g3 b6 4. Bg2 Bb7 5. Nc3 Be7 6. d4 d5 7. cxd5 Nxd5 8. O-O O-O 9. Qc2 Nb4 10. Qb1 f5 11. e4 c5 12. Rd1 Qc8 13. a3 N4a6 14. d5 Rd8 15. Ng5 Nc7 16. exf5 exf5 17. d6 Bxg5 18. Bxb7 Qxb7 19. Bxg5 Ne6 20. Bxd8 Nxd8 21. Qxf5 Nd7 22. Re1 Nc6 23. Qd5+ Kh8 24. Re7 Rf8 25. Rae1 Qc8 26. Rf7 Nd4 27. Ree7 Nf6 28. d7 1-0